Island to Country - Statistics

General Stats
  • This quiz has been taken 38 times
  • The average score is 8 of 12
Answer Stats
Island Country % Correct
Tasmania Australia
100%
Crete Greece
100%
Java Indonesia
97%
Galapagos Ecuador
94%
Corsica France
94%
Baffin Canada
85%
Niue New Zealand
76%
Chenju Do South Korea
53%
Island of the Mountains United States of America
53%
Vanua Levu Fiji
26%
Santo Antão Cape Verde
18%
Annobón Equatorial Guinea
9%
No matching quizzes found
Score Distribution
Percent of People with Each Score
Percentile by Number Answered
Your Score History
You have not taken this quiz